| 000 | 01398cam a2200337 a 4500 | ||
|---|---|---|---|
| 001 | 17352771 | ||
| 005 | 20170105102912.0 | ||
| 008 | 120619s2012 nyuab b 001 0 eng | ||
| 010 | _a 2012371924 | ||
| 020 | _a9780307718020 | ||
| 020 | _a9780307718044 (ebook) | ||
| 040 |
_aDLC _cDLC |
||
| 042 | _apcc | ||
| 043 | _an-us--- | ||
| 050 | 0 | 0 |
_aE907 _b.S26 2012 |
| 082 | 0 | 0 |
_a327.73 _223 |
| 100 | 1 | _aSanger, David E. | |
| 245 | 1 | 0 |
_aConfront and conceal : _bObama's secret wars and surprising use of American power / _cDavid E. Sanger. |
| 250 | _a1st ed. | ||
| 260 |
_aNew York : _bCrown Publishers, _c2012. |
||
| 300 |
_axx, 476 p., [8] p. of plates : _bcol. ill., maps ; _c25 cm. |
||
| 504 | _aIncludes bibliographical references (p. [437]-463) and index. | ||
| 505 | 0 | _aAfghanistan and Pakistan: the curse of unfinished business -- Iran: the zone of immunity -- Drones and cyber: the remote-control war -- Arab spring: the revolts, and the rise of the brotherhood -- China and North Korea: the rebalancing. | |
| 600 | 1 | 0 |
_aObama, Barack _xMilitary leadership. |
| 651 | 0 |
_aUnited States _xMilitary policy _xDecision making. |
|
| 651 | 0 |
_aUnited States _xForeign relations _y2009- |
|
| 651 | 0 |
_aUnited States _xPolitics and government _y2009- |
|
| 906 |
_a7 _bcbc _corignew _d1 _encip _f20 _gy-gencatlg |
||
| 942 |
_2ddc _cBK |
||
| 999 |
_c15191 _d15191 |
||